| 000 | 00365nam a2200133Ia 4500 | ||
|---|---|---|---|
| 008 | 220216s9999 xx 000 0 und d | ||
| 100 | _aVarghese S | ||
| 245 | 4 | _aThe art of ball milling with ZnO for latex technology | |
| 260 |
_bRubber Asia: Margma Special 2014 _c2014 |
||
| 300 | _a136-140 | ||
| 650 | _aBall milling | ||
| 650 | _aLatex technology | ||
| 942 | _cJS | ||
| 999 |
_c70471 _d70471 |
||